Statistics for Elements Starting with N

Click here to take the quiz!

General Stats

  • This quiz has been taken 884 times
    (239 since last reset)
  • The average score is 6 of 8

Answer Stats

SymElement% Correct
NNitrogen
100%
NeNeon
98%
NiNickel
94%
NbNiobium
71%
NoNobelium
71%
NpNeptunium
69%
NhNihonium
69%
NdNeodymium
65%

Score Distribution

Percentile by Number Answered

Percent of People with Each Score

Your Score History

You have not taken this quiz since the last reset